Inequality Around th World /
Tallennettuna:
| Päätekijä: | |
|---|---|
| Muut tekijät: | |
| Aineistotyyppi: | Teksti |
| Tagit: |
Lisää tagi
Ei tageja, Lisää ensimmäinen tagi!
|
MARC
| LEADER | 00000 a a2200000 04500 | ||
|---|---|---|---|
| 001 | 18632 | ||
| 003 | |||
| 040 | |||
| 100 | |a Freeman, Richard B. | ||
| 245 | |a Inequality Around th World / |c Richard B. Freeman | ||
| 500 | |a Datos de edición: New York, Palgrave, 2002. 281 p | ||
| 700 | |a ed | ||
| 773 | |g volumen 15, número 1; páginas 211-213 | ||
| 999 | |c 20112 |d 20112 | ||
